Sprachphilosophie
Αποθηκεύτηκε σε:
| Κύριος συγγραφέας: | |
|---|---|
| Μορφή: | Βιβλίο |
| Γλώσσα: | German |
| Δημοσίευση: |
Freiburg; Munchen :
Karl Alber,
[c1981]
|
| Σειρά: | Handbuch Philosophie
|
| Θέματα: | |
| Ετικέτες: |
Προσθήκη ετικέτας
Δεν υπάρχουν, Καταχωρήστε ετικέτα πρώτοι!
|
MARC
| LEADER | 00000cam a2200000 i 4500 | ||
|---|---|---|---|
| 001 | 1/31977 | ||
| 008 | 060705s1981 ger d | ||
| 020 | |a 3-495-47467-6 | ||
| 035 | |l 10084554 | ||
| 040 | |a GR-MY-UA |b gre |e aacr | ||
| 041 | 0 | |a ger | |
| 082 | 0 | |a 401 |2 (22) | |
| 100 | 1 | |a Simon, Josef, |d 1930-2016. | |
| 245 | 1 | 0 | |a Sprachphilosophie / |c Josef Simon |
| 260 | |a Freiburg; Munchen : |b Karl Alber, |c [c1981] | ||
| 300 | |a 296 σ.; |c 21 εκ. | ||
| 490 | 1 | |a Handbuch Philosophie | |
| 504 | |a Βιβλιογραφία: σ. 269-286. Ευρετήριο | ||
| 650 | 0 | 0 | |a Language and languages |x Philosophy. |
| 830 | 0 | |a Handbuch Philosophie | |
| 852 | |a INST |b RHODES |c KRI |e 20060705 |h 401 SIM |p 005400024621 |q 005400024621 |t BK |y 0 | ||
| 901 | |a BIBL4-2006-2 | ||
| 909 | |a Ρ |b 126696 | ||
| 970 | |a ΚΟΖΑ |b ΜΑΡΙΑ |z 2006/07/05 | ||